00512nam a2200157Ia 450000500170000000800410001704100080005808200150006610000220008124500330010326000380013630000090017465000220018399900190020595201300022420250729165340.0250729s2005 xx 000 0 und d aeng a374.1 SIDD aSingh U K9221487 aTeaching of Computer Science aNew DelhibA P H Publishingc2005 a325p aEducation9221488 c235034d235034 00104070aALbALd2025-07-29eSita Book Houseg220.00l0o374.1 SIDDpBED00353r2025-07-29 16:53:40v220.00w2025-07-29yBK